000
00236nam a22001097a 4500
082
_a
621.4362 PUR
100
_a
PURDAY.H.F.P
_9
57238
245
_a
DIESEL ENGINE DESIGNING
260
_a
BOMBAY
_b
PDF
_c
1962
300
_a
425P
942
_c
BK
999
_c
567529
_d
567529